Présidents de la République française - Mort Subite - Statistiques

Statistiques générales
  • Ce quiz a été pris 198 fois
    195 depuis la dernière actualisation
  • Le résultat moyen est 13 sur 20
Answers on the Grid
Answers color-coded by a green-red scale on the quiz's grid according to % correct below.
Emmanuel Macron
François Hollande
François Mitterrand
Nicolas Sarkozy
Jacques Chirac
Valéry Giscard d'Estaing
Georges Pompidou
Charles de Gaulle
René Coty
Vincent Auriol
Albert Lebrun
Paul Doumer
Gaston Doumergue
Alexandre Milerand
Paul Deschanel
Raymond Poincaré
Jean Casimir-Perier
Sadi Carnot
Patrice de Mac Mahon
Jules Grévy
Jean Jaurès
Pierre Mauroy
Michel Rocard
Alain Juppé
Michel Debré
Pierre Bordry
Alexandre-Louis Lachevardière
Georges de Castillon de Saint-Victor
Renaud Payre
Georges Salan
Nicolas Cadène
Jean-Claude Lefort
 
Statistiques - réponses
Réponse % Correct
Emmanuel Macron
88%
François Hollande
88%
François Mitterrand
88%
Jacques Chirac
87%
Nicolas Sarkozy
87%
Valéry Giscard d'Estaing
87%
Charles de Gaulle
86%
Georges Pompidou
83%
René Coty
76%
Raymond Poincaré
67%
Vincent Auriol
55%
Paul Deschanel
52%
Paul Doumer
52%
Sadi Carnot
52%
Albert Lebrun
50%
Gaston Doumergue
46%
Jules Grévy
44%
Patrice de Mac Mahon
43%
Alexandre Milerand
37%
Jean Casimir-Perier
37%
Aucun quiz correspondant
Distribution des résultats
% des personnes avec chaque résultat
Percentile par nombre de réponses
Votre historique - résultats
Vous n’avez pas pris ce quiz depuis la dernière actualisation